Представление документа в формате RUSMARC

ПолеНазваниеЗначение
  Тип записи c
  Библиографический уровень m
001 Контрольный номер UONB/MAIN/306bd7b8f9864b4c816a81066c6fb2b2
005 Дата корректировки 20251205093349.7
010 Индекс ISBN __
d Цена 40 к.
9 Тираж 25000 экз.
071 Издательские номер (звукозапись и ноты) 21
a Номер, присвоенный агентством 10309
100 Данные общей обработки __
a Данные общей обработки 20220419b1978 m##y0rusy0189 ca
101 Язык документа 0_
a Язык текста rus
f Язык титульного листа rus
102 Страна публикации __
a Страна публикации RU
125 Кодированные данные звукозаписи и нотных изданий __
a Форма изложения нотного текста a
128 Кодированные данные (звукозаписи-физические характеристики) __
a Кодированные данные: Музыкальная форма и тональность или лад ai
c Инструменты или голоса, рекомендуемые для солистов (устаревшее) vu
200 Заглавие и сведения об ответственности 1_
a Заглавие Вып. 51
e Сведения, относящиеся к заглавию [перелож. для вокально-инструм. ансамбля]
208 Область специфических сведений: ноты __
a Форма изложения нотного текста Партитура
210 Выходные данные 1_
d Дата издания 1978
215 Физическое описание __
a Объем 61 с.
d Формат 22 см
327 Примечание о содержании 11
a Примечание о содержании Содерж. : Мажуков А. Наша биография / сл. О. Писаржевской, А. Монастырева. - Саульский Ю. Ничей : из кф. "Солнце, снова солнце" / сл. Е. Евтушенко. - Минков М. Не отрекаются, любя / сл. В. Тушновой. - Паулс Р. Листья желтые / сл. Я. Петерса. - Черный А. День рождения любви / сл. Р. Рождественского. - Добрынин В. Всё, что есть у меня / сл. Л. Дербенева. - Берковский В., Никитин С. Под музыку Вивальди : из тф. "Почти смешная история" / сл. А. Величанского.
461 Уровень набора _0
1 2001
a Поем и танцуем
b Ноты
v Вып. 51
1 2101
a М.
c Музыка
d 1965 -
1 001UONB/MAIN/4fde9fb1b77a4474bcd01598adf6aca3
464 Аналитический уровень _0
1 700 1
a Берковский
b В.
1 701 1
a Никитин
b С.
1 2001
a Под музыку Вивальди
e Под музыку Вивальди, Вивальди, Вивальди...
e из тф. "Почти смешная история"
1 50010
a Почти смешная история
i Под музыку Вивальди
1 702 1
a Величанский
b А.
4 520
464 Аналитический уровень _0
1 702 1
a Писаржевская
b О.
4 520
1 702 1
a Монастырев
b А.
4 520
1 50010
a Наша биография
i Наша биография
1 2001
a Наша биография
e Мокрый ветер в лицо хлестал...
1 700 1
b Мажуков
a А.
464 Аналитический уровень _0
1 700 1
a Паулс
b Р.
1 2001
a Листья желтые
e Не прожить нам в мире этом...
1 702 1
a Петерс
b Я.
4 520
464 Аналитический уровень _0
1 700 1
a Саульский
b Ю.
1 2001
a Ничей
e Я был, словно ветер над морем...
e из кф. "Солнце, снова солнце"
1 50010
a Солнце, снова солнце
i Ничей
1 702 1
a Евтушенко
b Е.
4 520
464 Аналитический уровень _0
1 700 1
a Минков
b М.
1 2001
a Не отрекаются, любя
e Не отрекаются, любя...
1 702 1
a Тушнова
4 520
b В.
464 Аналитический уровень _0
1 700 1
a Черный
b А.
1 2001
a День рождения любви
e Много лет любви, много зим...
1 702 1
a Рождественский
b Р.
4 520
464 Аналитический уровень _0
1 700 1
a Добрынин
b В.
1 2001
a Всё, что есть у меня
e Мир не прост, совсем не прост...
1 702 1
a Дербенев
b Л.
4 520
512 Заглавие обложки 1_
a Заглавие обложки Поем и танцуем
606 Тематические рубрики 0_
a Основная рубрика Вокально-инструментальные ансамбли
610 Ключевые слова 0_
a Ключевые слова эстрадная музыка; танцевальная музыка; лирические песни; песни советских композиторов; песни зарубежных композиторов; вокально-инструментальные ансамбли
686 Индексы других классификаций __
2 Код системы rubbk
a Классификационный индекс 85.952.18-085я43
a Классификационный индекс 85.943.4-041.5я43
702 Вторичная интеллектуальная ответственность _1
a Фамилия Фиготин
b Имя (инициалы) Б.
4 Код отношения 220
801 Источник записи _0
a Страна RU
b Организация Ульяновская ОНБ
c Дата составления 20220419
g Правила каталогизации RCR
801 Источник записи _1
a Страна RU
b Организация Ульяновская ОНБ
c Дата составления 20220419
g Правила каталогизации RCR
901 Тип документа __
t Тип документа n
w Контрольный № источника UONB/MAIN/4fde9fb1b77a4474bcd01598adf6aca3
909 Создатель записи __
a Создатель записи Никитина Т. А.